000 01977cam a2200541 4500
001 22127
003 VRT
005 20260320115034.0
008 210624s2019 xo gr 010 f slo
015 _aSNBA2020/01
020 _a9788089822355
_q(viazané)
035 _aurn:nbn:sk:snk-am00edc5
035 _aurn:nbn:sk:snk-am3igng
035 _a6C6392BD-CA7F-455E-98EA-A955629C827C
039 9 _a202510061040
_bAUTHORITY
_c202106241219
_dVLOAD
_c202106070747
_dAUTHORITY
_c202106070743
_dAUTHORITY
040 _aPPPK
_bslo
_cPPPK
_dSNK
_erda
041 1 _aslo
_heng
044 _axo
_cSK
072 7 _a821.111(73)-3
_xAmerická próza
_2konspekt
080 _a821.111(73)-31
_22011
080 _a(0:82-311.6)
_22011
080 _a(0:82-312.5)
_22011
100 1 _aFrantz, Laura,
_d1961-
_4aut
240 1 2 _aA bound heart
_lSlovensky
245 1 0 _aVečné puto
_cLaura Frantz ; preklad z anglického originálu A bound heart Mirka Molnárová Novysedláková
250 _aPrvé vydanie
264 1 _a[Spišské Hanušovce]
_bi527.net vydavateľstvo
_c2019
300 _a361 strán
_c21 cm
336 _atext
_btxt
_2rdacontent
337 _abez média
_bn
_2rdamedia
338 _azväzok
_bnc
_2rdacarrier
500 _aMiesto vydania podľa NA ISBN
500 _aObsahuje biografické informácie o autorke
500 _aObsahuje poznámky pod čiarou
655 7 _aamerické romány
_2SNKPH
655 7 _ahistorické romány
_2SNKPH
655 7 _aľúbostné romány
_2SNKPH
655 7 _aAmerican novels
_2SNKPHeng
655 7 _aHistorical novels
_2SNKPHeng
655 7 _aLove novels
_2SNKPHeng
700 1 _aMolnárová-Novysedláková, Miroslava
_4trl
910 _asnk
942 _2ddc
_cKLDO
_n0
949 _6273K0646056
_asvkpoA 242671
_bsvkpo637698
949 _6270001000576463
_asvkbbA 159200
_bsvkbbm 787131
949 _617A1413222
_asnkSC 187331
_bsnk2020/171
_o2279/19
_s6100:20200128
949 _617A1414046
_asnkSC 187331 D1
_bsnk2020/1017
_o2279/19
999 _c22127
_d22127